Quiz True Blood - Statistiques

Statistiques générales
  • Ce quiz a été pris 17 fois
  • Le résultat moyen est 10 sur 15
Statistiques - réponses
Hint Réponse % Correct
Et dans quelle ville précisément? Bon Temps
85%
Sur quelle chaîne la série est originalement diffusée? HBO
85%
Dans quelle pièce de la maison Adèle a-t-elle été assassinée? La cuisine
85%
Dans quel État des États-Unis se déroule l'essentiel de la série? La Louisiane
85%
Quelle créature est Sam? Un métamorphe
85%
Avec qui Hoyt Fortenburry Jessica Hamby
77%
De quelle Guerre Bill a-t-il été un soldat? La Guerre de Sécession
69%
Comment s'appelle le créateur d'Éric? Godric
62%
Comment s'appelle le bar à vampire où Sookie et Bill se rendent assez souvent ? Le Fangtasia
62%
Quel pays l'a créé? Le Japon
62%
Comment s'appelle le frère de Sookie? Jason Stackhouse
54%
Comment s'appelle le sang synthétique que boivent les vampires? Tru Blood
54%
Comment se nomme le tout premier vampire ? Lilith
46%
Qui est une menade ? Maryanne
38%
Quelle secte Jason rejoins-t-il ? La communauté du soleil
31%
Aucun quiz correspondant
Distribution des résultats
% des personnes avec chaque résultat
Percentile par nombre de réponses
Votre historique - résultats
Vous n’avez pas pris ce quiz